• 首页
  • 本馆介绍
  • 公告通知
  • 最新文献
  • 馆藏检索
  • 电子资源
  • 读者导购
  • 参考咨询
  • 我的图书馆
  • 登录
  • 详细信息显示
  • 放入我的书架
  • 预约/预借图书
  • 作者相关作品
  • 分类相关作品
  • 丛书相关作品
  • 出版社相关作品

书目信息

  • 表格格式
  • 工作单格式
  • 卡片格式
题名:
临海渗流地震作用导流堤围堰施工空间力学特性研究
    
 
作者: 芮勇勤 著
分册:  
出版信息: 沈阳   东北大学出版社  2014
页数: 188页
开本: 26cm
丛书名:
单 册:
中图分类: TV551
科图分类:
主题词: 导流--工程施工 , 围堰--工程施工
电子资源:
ISBN: 978-7-5517-0702-2
000 00971nam0 2200241 450
001 012015000639
005 20150911083959.00
010    @a978-7-5517-0702-2@dCNY37.00
100    @a20150409d2014 em y0chiy50 ea
101 0  @achi
102    @aCN@b210000
105    @aa z 000yy
106    @ar
200 1  @a临海渗流地震作用导流堤围堰施工空间力学特性研究@Alin hai shen liu di zhen zuo yong dao liu di wei yan shi gong kong jian li xue te xing yan jiu@e以渤海红沿河核电站取水导流工程为例@f芮勇勤[等]著
210    @a沈阳@c东北大学出版社@d2014
215    @a188页@c图@d26cm
330    @a本书共分为10章,主要分析了取水口导流围堤堰工程及方案选择、导流堤围堰实体仿真空间建模技术、强度折减与地震作用导流堤围堰稳定性、导流堤围堰流固耦合空间力学特性分析和导流堤围堰工程施工监测与检测等。
606 0  @a导流@x工程施工
606 0  @a围堰@x工程施工
690    @aTV551@v5
701  0 @a芮勇勤@Arui yong qin@4著
801  0 @aCN@b碧洲教育@c20150718
905    @a10447@f4@dTV551@e62
    
    临海渗流地震作用导流堤围堰施工空间力学特性研究:以渤海红沿河核电站取水导流工程为例/芮勇勤[等]著.-沈阳:东北大学出版社,2014
    188页:图;26cm
    
    
    ISBN 978-7-5517-0702-2:CNY37.00
    本书共分为10章,主要分析了取水口导流围堤堰工程及方案选择、导流堤围堰实体仿真空间建模技术、强度折减与地震作用导流堤围堰稳定性、导流堤围堰流固耦合空间力学特性分析和导流堤围堰工程施工监测与检测等。
●
相关链接 在E读中查询图书 在五车中查询图书 在当当中查询图书 在豆瓣中查询图书


正题名:临海渗流地震作用导流堤围堰施工空间力学特性研究     索取号:TV551/62         预约/预借

序号 登录号 条形码 馆藏地/架位号 状态 备注
1 0848607   208486075   第二样本阅览室/ [索取号:TV551/62] 在馆    
2 0848608   208486084   第三借阅区/ [索取号:TV551/62] 在馆    
3 0848609   208486093   第三借阅区/ [索取号:TV551/62] 在馆    
4 0848610   208486100   第三借阅区/ [索取号:TV551/62] 在馆    
唐山师范学院图书馆 欢迎您!
大连网信软件有限公司© 版权所有